Central Library OPAC University of Rajshahi

The Ramon Magsaysay awards, 1958-1962 / (Record no. 28216)

MARC details
000 -LEADER
fixed length control field 01123cas a2200289 a 4500
001 - CONTROL NUMBER
control field 28216
003 - CONTROL NUMBER IDENTIFIER
rucl marc code BD-RjUL
005 - DATE AND TIME OF LATEST TRANSACTION
control field 20211209051243.0
008 - FIXED-LENGTH DATA ELEMENTS--GENERAL INFORMATION
fixed length control field 14 t1977 ph uu 0 a0eng d
035 ## - SYSTEM CONTROL NUMBER
System control number (BD-RjUL)28297
040 ## - CATALOGING SOURCE
Original cataloging agency DLC
Language of cataloging eng
Transcribing agency DLC
Modifying agency NST
-- DLC
-- BD-RjUL
-- OCoLC
041 ## - LANGUAGE CODE
Language code of text/sound track or separate title eng
082 00 - DEWEY DECIMAL CLASSIFICATION NUMBER
Classification number 001.44
Author mark and year MAR 1977
100 1# - MAIN ENTRY--PERSONAL NAME
Personal name Magsaysay, Ramon
9 (RLIN) 86408
245 04 - TITLE STATEMENT
Title The Ramon Magsaysay awards, 1958-1962 /
260 ## - PUBLICATION, DISTRIBUTION, ETC. (IMPRINT)
Place of publication, distribution, etc. Manila :
Name of publisher, distributor, etc. Published under the auspices of the Board of Trustees of the Ramon Magsaysay Award Foundation,
Date of publication, distribution, etc. c1977
300 ## - PHYSICAL DESCRIPTION
Pagination 385 p. :
Illustrations ill. ;
Size 24 cm.
650 #0 - SUBJECT ADDED ENTRY--TOPICAL TERM
Topical term or geographic name as entry element Ramon Magsaysay awards
Form subdivision Periodicals.
9 (RLIN) 86383
Topical term or geographic name as entry element Sociale wetenschappen.
Source of heading or term gtt
9 (RLIN) 4431
Topical term or geographic name as entry element Onderscheidingen.
Source of heading or term gtt
9 (RLIN) 86384
710 2# - ADDED ENTRY--CORPORATE NAME
Corporate name or jurisdiction name as entry element Ramon Magsaysay Award Foundation.
Subordinate unit Board of Trustees.
9 (RLIN) 86385
776 08 - ADDITIONAL PHYSICAL FORM ENTRY
Relationship information Online version:
Title Ramon Magsaysay awards
Record control number (OCoLC)565675184
942 ## - ADDED ENTRY ELEMENTS (KOHA)
Source of classification or shelving scheme Dewey Decimal Classification
Koha item type Books
Holdings
Lost status Source of classification or shelving scheme Damaged status Not for loan Collection code Permanent Location Current Location Shelving location Date acquired Source of acquisition Total Checkouts Full call number Date last seen Copy number Koha item type
  Dewey Decimal Classification   Added to bundle Non-fiction Central Library, University of Rajshahi Central Library, University of Rajshahi Reading Room 29/04/1982 Ramon meg. foundation Philippins   001.44 MAR 1977 29/03/2014 C-1 Books